Coaches La Voz España - Estadísticas

Estadísticas generales
  • Esta prueba ha sido intentada 27 veces
  • La puntuación promedio es 19 de 26
Answers on the Grid
Answers color-coded by a green-red scale on the quiz's grid according to % correct below.
Luis Fonsi
Enrique Iglesias
Abraham Mateo
Laura Pausini
Rosalía
Rosana
Rosario
Amaia Montero
Mónica Naranjo
Aitana
Lola Indigo
David Bustamante
Chenoa
Álvaro de Luna
David Bisbal
Pablo López
Shakira
Pablo Alborán
Mika
Maluma
Manuel Turizo
Sebastián Yatra
José Mercé
Dani Fernández
Dani Martín
Ana Mena
Niña Pastori
Paulina Rubio
Alejandro Sanz
Adexe
Edurne
Ricky Martin
Malú
Melendi
Álvaro Soler
Carlos Vives
Antonio Orozco
Juanes
Manuel Carrasco
Jesús Vázquez
Pastora Soler
Leire Martínez
Vanesa Martín
Raphael
 
Estadísticas de respuestas
Respuesta % Correcto
David Bisbal
100%
Luis Fonsi
100%
Antonio Orozco
94%
Malú
94%
Rosario
94%
Melendi
89%
Pablo López
89%
Aitana
83%
Alejandro Sanz
83%
Edurne
83%
Laura Pausini
83%
Pablo Alborán
83%
Sebastián Yatra
83%
Vanesa Martín
78%
Manuel Carrasco
72%
Ana Mena
67%
Lola Indigo
67%
Manuel Turizo
56%
Mika
56%
Pastora Soler
50%
Paulina Rubio
50%
David Bustamante
44%
José Mercé
44%
Juanes
39%
Niña Pastori
39%
Rosana
28%
No se encontraron pruebas coincidentes
Distribución de puntuación
Porcentaje de gente con cada puntuación
Porcentaje por número respondido
Historial de tus puntuaciones
No has intentado esta prueba.